header

True American (Record no. 226146)

MARC details
000 -LEADER
fixed length control field 01918nam a2200409 a 4500
082 04 - DEWEY DECIMAL CLASSIFICATION NUMBER
Classification number 371.82/691
100 1# - MAIN ENTRY--AUTHOR NAME
Personal name Salomone, Rosemary C.
245 10 - TITLE STATEMENT
Title True American
260 ## - PUBLICATION, DISTRIBUTION, ETC. (IMPRINT)
Place of publication Cambridge, Mass. :
Name of publisher Harvard University Press,
Year of publication 2010.
300 ## - PHYSICAL DESCRIPTION
Number of Pages xii, 306 p.
505 0# - FORMATTED CONTENTS NOTE
Formatted contents note The symbolic and the salient -- Americanization past -- The new immigrants -- Language, identity, and belonging -- Rights, ambivalence, and ambiguities -- Backlash -- More wrongs than rights -- Setting the record straight -- Looking both ways -- A meaningful education.
650 #0 - SUBJECT ADDED ENTRY--TOPICAL TERM
Topical Term Immigrant children
Topical Term Immigrant children
Topical Term Immigrant children
Topical Term Education, Bilingual
Topical Term Americanization.
856 40 - ELECTRONIC LOCATION AND ACCESS
Uniform Resource Identifier http://site.ebrary.com/lib/rucke/Doc?id=10456093

No items available.

© 2026 Rongo University
Contact us: librarian | system librarian | Rongo university